The autism ambassadors handbook Peer support for learning, growth and success
Enregistré dans:
| Format: | Livre |
|---|---|
| Langue: | anglais |
| Publié: |
Corwin Press
2013
|
| Tags: |
Ajouter un tag
Pas de tags, Soyez le premier à ajouter un tag!
|
MARC
| LEADER | 00000nam a22000007a 4500 | ||
|---|---|---|---|
| 008 | 210119b ||||| |||| 00| 0 eng d | ||
| 020 | |a 978-1-4522-3525-7 | ||
| 245 | |a The autism ambassadors handbook |b Peer support for learning, growth and success |c Zak Kukoff |g . xviii, 212p.; ill. | ||
| 260 | |b Corwin Press |c 2013 |h Thousand Oaks, California |i 692216 |i 692217 |l LC4717 .K95 |m Autic children – Education – Handbooks, manuals, etc. |m Peer teaching – Handbooks, manuals, etc | ||
| 500 | |a “It includes references and index”. | ||
| 942 | |a lcc |c BK |e O.A.JOHNSON |f 19/01/21 | ||
| 952 | |0 0 |1 0 |2 lcc |4 0 |6 LC4717 K95 |7 0 |9 1193 |a ED |b HOL |d 2021-01-19 |l 0 |o LC4717 .K95 |p 2021-0014 |r 2021-01-19 00:00:00 |w 2021-01-19 |y BK | ||
| 952 | |0 0 |1 0 |2 lcc |4 0 |6 LC4717 K95 |7 0 |9 1194 |a HOL |b HOL |d 2021-01-19 |l 0 |o LC4717 .K95 |p 2021-0015 |r 2021-01-19 00:00:00 |w 2021-01-19 |y BK | ||
| 999 | |c 629 |d 629 | ||